Lulu & Rocky in Milwaukee / written by Barbara ... Read More
Available copies
- 1 of 1 copy available at LARL/NWRL Consortium.
Current holds
0 current holds with 1 total copy.
Show Only Available Copies
| Location | Call Number / Copy Notes | Barcode | Shelving Location | Status | Due Date |
|---|---|---|---|---|---|
| Hallock Public Library | e JOO (Text) | 35500006126179 | Main | Available | - |
Record details
- ISBN: 9781534110175
- ISBN: 1534110178
- Physical Description: 1 volume (unpaged) : color illustrations ; 29 cm
- Publisher: Ann Arbor, MI : Sleeping Bear Press, [2019]
- Copyright: ℗♭2019
Content descriptions
| Summary, etc.: | Lulu and her cousin Rocky are visiting the city of ... Read More |
Search for related items by subject
| Subject: | Children > Travel > Wisconsin > Milwaukee > Guidebooks > Juvenile literature. Milwaukee (Wis.) > Guidebooks > Juvenile literature. |
| Genre: | Guidebooks. |
Search for related items by series
| LDR | 01489cam a2200385Ki 4500 | ||
|---|---|---|---|
| 001 | 307339 | ||
| 003 | LARL_NWRL_CONSORTIUM | ||
| 005 | 20190110210744.0 | ||
| 008 | 180817t20192019miua 000 0 eng | ||
| 010 | . | ‡a2018037174 | |
| 020 | . | ‡a9781534110175 ‡q(hardcover) | |
| 020 | . | ‡a1534110178 | |
| 035 | . | ‡a(OCoLC)1049576640 | |
| 040 | . | ‡aDLC ‡beng ‡erda ‡cDLC ‡dOCLCO ‡dOCLCF ‡dGZD | |
| 042 | . | ‡apcc | |
| 043 | . | ‡an-us-wi | |
| 082 | 0 | 0. | ‡a917.75/95 ‡223 |
| 099 | . | ‡aPIC | |
| 100 | 1 | . | ‡aJoosse, Barbara M., ‡eauthor. ‡0(LARL_NWRL_CONSORTIUM)66993 |
| 245 | 1 | 0. | ‡aLulu & Rocky in Milwaukee / ‡cwritten by Barbara Joosse ; illustrated by Renee Graef. |
| 264 | 1. | ‡aAnn Arbor, MI : ‡bSleeping Bear Press, ‡c[2019] | |
| 264 | 4. | ‡c℗♭2019 | |
| 300 | . | ‡a1 volume (unpaged) : ‡bcolor illustrations ; ‡c29 cm | |
| 336 | . | ‡atext ‡btxt ‡2rdacontent | |
| 336 | . | ‡astill image ‡bsti ‡2rdacontent | |
| 337 | . | ‡aunmediated ‡bn ‡2rdamedia | |
| 338 | . | ‡avolume ‡bnc ‡2rdacarrier | |
| 490 | 0 | . | ‡aOur city adventures |
| 520 | . | ‡aLulu and her cousin Rocky are visiting the city of Milwaukee. There are so many fun things to see and do, like canoing, visiting a lighthouse, riding surrey bikes, going to a fish fry, and even gearing up to burn rubber at the Harley-Davidson Museum | |
| 650 | 0. | ‡aChildren ‡xTravel ‡zWisconsin ‡zMilwaukee ‡vGuidebooks ‡vJuvenile literature. | |
| 651 | 0. | ‡aMilwaukee (Wis.) ‡vGuidebooks ‡vJuvenile literature. | |
| 655 | 7. | ‡aGuidebooks. ‡2lcgft | |
| 700 | 1 | . | ‡aGraef, Renee, ‡eillustrator. ‡0(LARL_NWRL_CONSORTIUM)86373 |
| 901 | . | ‡a307339 ‡b ‡c307339 ‡tbiblio | |

Add to basket
Permalink
Disable Highlighting